Anything but New Zealand Quiz Stats

 Plays Quiz Updated Dec 10, 2018

Challenge
Share
Tweet
Embed
Score 0/43 Timer 06:00
29 Plays Today
Hint Answer % Correct
Have a Union Jack in their flagAustralia
97.6%
Have a sheep population in excess of 30 millionAustralia
97.5%
Have a capital city south of the tropic of CapricornAustralia (Canberra)
97.5%
Have a Union Jack in their flagUnited Kingdom
91.3%
Have a sheep population in excess of 30 millionUnited Kingdom
91.3%
Have a capital city south of the tropic of CapricornSouth Africa (Pretoria)
83.8%
Begin with the letter NNamibia
81.1%
Have a capital city alphabetically after Washington, D.CNamibia (Windhoek)
81.1%
Have a capital city south of the tropic of CapricornArgentina (Buenos Aires)
81.1%
Have a capital city south of the tropic of CapricornChile (Santiago)
79.1%
Begin with the letter NNiger
76.6%
Begin with the letter NNigeria
75.7%
Have a sheep population in excess of 30 millionNigeria
75.7%
Begin with the letter NNorway
71.4%
Have a Union Jack in their flagFiji
68%
Begin with the letter NNicaragua
66.7%
Begin with the letter NNauru
64.8%
Have a capital city alphabetically after Washington, D.CNauru (Yaren)
64.8%
Begin with the letter NNetherlands
63.1%
Have a capital city south of the tropic of CapricorneSwatini (Mbabane)
62.3%
Begin with the letter NNorth Korea
61.8%
Have a capital city south of the tropic of CapricornLesotho (Maseru)
60.8%
Hint Answer % Correct
Begin with the letter NNepal
60.2%
Have a capital city south of the tropic of CapricornUruguay (Montevideo)
58.8%
Contain an 'N' and a 'Z'Tanzania
57.7%
Have a sheep population in excess of 30 millionChina
56.5%
Contain an 'N' and a 'Z'Kazakhstan
53%
Contain an 'N' and a 'Z'Uzbekistan
52.9%
Have a sheep population in excess of 30 millionIndia
51.9%
Have a capital city south of the tropic of CapricornParaguay (Asunción)
51.3%
Contain an 'N' and a 'Z'Kyrgyzstan
50.3%
Contain an 'N' and a 'Z'Azerbaijan
50%
Have a capital city south of the tropic of CapricornBotswana (Gaborone)
48.8%
Have a capital city south of the tropic of CapricornMozambique (Maputo)
48.1%
Have a Union Jack in their flagTuvalu
44.5%
Contain an 'N' and a 'Z'Switzerland
39.9%
Contain an 'N' and a 'Z'Venezuela
36%
Have a capital city alphabetically after Washington, D.CCroatia (Zagreb)
32.5%
Have a capital city alphabetically after Washington, D.CArmenia (Yerevan)
25.3%
Contain an 'N' and a 'Z'Bosnia and Herzegovina
24.2%
Have a sheep population in excess of 30 millionIran
20.5%
Have a capital city alphabetically after Washington, D.CCameroon (Yaoundé)
19.2%
Have a capital city alphabetically after Washington, D.CCôte d'Ivoire (Yamoussoukro)
17%

You're not logged in!

Compare scores with friends on all Sporcle quizzes.
OR
Log In

You Might Also Like...

Show Comments

Extras

Top Quizzes Today


Score Distribution

Your Account Isn't Verified!

In order to create a playlist on Sporcle, you need to verify the email address you used during registration. Go to your Sporcle Settings to finish the process.

Report this User

Report this user for behavior that violates our Community Guidelines.

Details: